000
00239nam a2200097Ia 4500
001
691697
005
20250826161840.0
008
250824s9999 xx 000 0 und d
245
0
_a
AŞKLA KAL
_c
KAHRAMAN TAZEOĞLU
260
_b
DESTEK YAYINLARI
999
_c
691697
_d
691697